| 000 | 01116nam a2200265Ia 4500 | ||
|---|---|---|---|
| 001 | 17709 | ||
| 003 | GE_BSU | ||
| 008 | 181216s||||||||xx |||||||||||||| ||und|| | ||
| 020 | _a9785937281487 | ||
| 040 | _cGE_BSU | ||
| 080 | _a63(075)+620.3 | ||
| 100 | _aკორახაშვილი, ა. (ავთანდილ) | ||
| 245 | _aაგრარული ნანოტექნოლოგიები | ||
| 245 | _bსახელმძღვ. | ||
| 245 | _cთამაზ სამხარაძისა და გივი ბასილაძის რედაქციით | ||
| 260 | _aმოსკოვი | ||
| 260 | _bნაუჩტექლიტიზდატი | ||
| 260 | _c2015 | ||
| 300 | _a172 გვ. ; 25 სმ | ||
| 300 | _eბიბლიოგრ.: გვ. 167-169 | ||
| 653 | _aაგრარული ნანოტექნოლოგიები | ||
| 653 | _aნანოტექნოლოგიების გამოყენება აგრონომიაში | ||
| 653 | _aსოფლის მეურნეობა | ||
| 942 | _cBK | ||
| 999 |
_c50757 _d50757 |
||